Statistics for Den norske kongerekken

Click here to take the quiz!

General Stats

  • This quiz has been taken 56 times
  • The average score is 7 of 9

Answer Stats

Answer % Correct
9.Harald V(1991-)
97%
7.Haakon VII (1905 - 1957)
94%
8.Olav V (1957 - 1991)
94%
1. Christian Frederik(17 mai 1814-10 oktober 1814-)
81%
2. Karl II(Konge av Norge i perioden 1814-1818 )
74%
3. Karl III(Konge i Norge i perioden 1818-1844 )
68%
4. Oscar I(Konge av Norge fra 1844-1859)
65%
5.Karl IV(Konge i Norge 1859–1872 )
65%
6.Oscar II(1872-1905)
65%

Score Distribution

Percentile by Number Answered

Percent of People with Each Score

Your Score History

You have not taken this quiz